| 000 | 01542nam0a2200325 4500 | ||
|---|---|---|---|
| 001 | RU\NLR\BIBL_A\022733355 | ||
| 005 | 20260426080645.0 | ||
| 010 |
_a978-5-7389-3970-9 _9500 |
||
| 021 |
_aRU _bКН-П-25-082152 _9КН-П-25-7954 |
||
| 035 | _a(NLR Aleph) 022733355 | ||
| 090 |
_a13696805 _c13696805 |
||
| 100 | _a20260220d2024 k y0rusy50 ca | ||
| 101 | 0 | _arus | |
| 102 | _aRU | ||
| 105 | _aa z 000yy | ||
| 181 | 0 |
_ai3 _baxxe |
|
| 182 | 0 | _an | |
| 200 | 1 |
_aРусские говоры Приамурья: наречие _e[монография] _fДун Циньфэй, В. Т. Садченко _gМинистерство науки и высшего образования Российской Федерации, Федеральное государственное бюджетное образовательное учреждение высшего образования "Тихоокеанский государственный университет" |
|
| 203 |
_aТекст _bвизуальный _cнепосредственный |
||
| 210 |
_aХабаровск _cИзд-во ТОГУ _d2024 |
||
| 215 |
_a129 с. _cил. _d21 |
||
| 320 | _aБиблиогр.: с. 113-118 | ||
| 606 | 1 |
_aРусский язык _xДиалекты _yПриамурье _92345366 _3RU\NLR\AUTH\661401602 |
|
| 686 | 1 | _aШ141.12-518 | |
| 700 | 0 | _aДун Циньфэй | |
| 701 | 1 |
_aСадченко _bВ. Т. _gВалентина Тарасовна |
|
| 942 | _cBOOK | ||
| 980 | _aNB | ||